000 00425cam a22001097a 4500
008 180718b1946 xxu||||| |||| 00| 0 eng d
082 _aR158x42 Un3
245 _aReport of the national insurance advisory committee on part- time employment
_cby Minister of Pensions and National Insurance
260 _aLondon
_bHer Majesty's Stationery Office
_c1946
300 _a25p
700 _aU.K. Minister of Pensions and National Insurance
999 _c419084
_d419084